|
|
|
|
| LEADER |
01671nam a2200421 a 4500 |
| 001 |
EBC1134972 |
| 003 |
MiAaPQ |
| 005 |
20200520144314.0 |
| 006 |
m o d | |
| 007 |
cr cn||||||||| |
| 008 |
111205s2011 cm b sb 000 0 eng d |
| 020 |
|
|
|z 9956726265
|
| 020 |
|
|
|z 9789956726264
|
| 020 |
|
|
|a 9789956726158 (electronic bk.)
|
| 035 |
|
|
|a (MiAaPQ)EBC1134972
|
| 035 |
|
|
|a (Au-PeEL)EBL1134972
|
| 035 |
|
|
|a (CaPaEBR)ebr10509302
|
| 035 |
|
|
|a (CaONFJC)MIL331009
|
| 035 |
|
|
|a (OCoLC)779481040
|
| 040 |
|
|
|a MiAaPQ
|c MiAaPQ
|d MiAaPQ
|
| 041 |
0 |
|
|a eng
|a fre
|
| 043 |
|
|
|a f-cm---
|
| 050 |
|
4 |
|a HC995
|b .R44 2011
|
| 245 |
0 |
0 |
|a Regional balance and national integration in Cameroon
|h [electronic resource] :
|b lessons learned and the uncertain future /
|c editors, Paul Nchoji Nkwi & Francis B. Nyamnjoh.
|
| 260 |
|
|
|a Mankon, Bamenda, Cameroon :
|b Langaa Research & Publishing CIG,
|c 2011.
|
| 300 |
|
|
|a x, 584 p. :
|b maps.
|
| 504 |
|
|
|a Includes bibliographical references.
|
| 505 |
0 |
|
|a pt. 1. General information -- pt. 2. Gender and empirical regional issues.
|
| 533 |
|
|
|a Electronic reproduction. Ann Arbor, MI : ProQuest, 2015. Available via World Wide Web. Access may be limited to ProQuest affiliated libraries.
|
| 546 |
|
|
|a In English and French.
|
| 651 |
|
0 |
|a Cameroon
|x Economic conditions
|x Regional disparities.
|
| 651 |
|
0 |
|a Cameroon
|x Economic policy.
|
| 651 |
|
0 |
|a Cameroon
|x Social conditions.
|
| 655 |
|
4 |
|a Electronic books.
|
| 700 |
1 |
|
|a Nkwi, Paul Nchoji.
|
| 700 |
1 |
|
|a Nyamnjoh, Francis B.,
|d 1961-
|
| 710 |
2 |
|
|a ProQuest (Firm)
|
| 856 |
4 |
0 |
|u https://ebookcentral.proquest.com/lib/matrademy/detail.action?docID=1134972
|z Click to View
|